| 000 | 00504nab a22001457 4500 | ||
|---|---|---|---|
| 003 | ES-SlBCS | ||
| 005 | 20210327224217.0 | ||
| 008 | 180213s2017 be ||||| |||| 00| 0 eng d | ||
| 040 |
_aES-SlBCS _bspa |
||
| 041 | _aeng | ||
| 100 | 1 |
_aVerstraeten, Johan _947774 |
|
| 245 | 1 | 0 |
_aDevelopment as a Parh to a Just World: Fifty Years of Populorum progressio - A Critical Retrospective _cJohan Verstraeten |
| 773 | 0 |
_gVol. 40, fasc. 4, 2017, págs. 396-409 _tLouvain Studies _wRev258 _x0024-6964 |
|
| 942 |
_2lcc _cAR |
||
| 999 |
_c475308 _d475308 |
||